000
00208 a2200097 4500
001
11677
100
_a
Abad Shah Pourab
245
_a
Manzal-e-Pakistan
260
_a
_b
Book Promoters
_c
090
_c
8988
_d
8988
942
_a
NUST-CAE
_c
M
_c
35808
999
_c
246750
_d
246750